Monumenta Germaniae historica.

Uložené v:
Podrobná bibliografia
Hlavný autor: Baethgen, F.
Médium: Kniha
Jazyk:Slovak
Vydané: Berlin, 1953.
Fyzický popis: 25 s.
Tagy: Pridať tag
Žiadne tagy, Buďte prvý kto otaguje tento záznam!

MARC

LEADER 00000nam a22000004a 4500
001 000603268
005 20181212101323.0
008 181212s1953 xo e 000 0 slo d
040 |a SVKKK  |b slo  |c SVKKK  |e AACR2 
100 1 |a Baethgen, F. 
245 1 0 |a Monumenta Germaniae historica. 
260 |a Berlin,  |c 1953. 
300 |a 25 s. 
500 |a Záznam revízie 
910 |a svkkk 
998 |a BK 
090 |g SCKHL  |k Sklad Pribinova 2. posch.  |a III.21532  |j 87746  |i 2720593562  |4 Vyradená  |s Vyradená